Normal view
MARC view
Entry Personal Name
001 - CONTROL NUMBER
- control field: 8072
003 - CONTROL NUMBER IDENTIFIER
- control field: OSt
005 - DATE AND TIME OF LATEST TRANSACTION
- control field: 20211028144343.0
008 - FIXED-LENGTH DATA ELEMENTS
- fixed length control field: 211028|| aca||aabn | a|a d
040 ## - CATALOGING SOURCE
- Original cataloging agency: OSt
- Transcribing agency: OSt
100 ## - HEADING--PERSONAL NAME
- Personal name: Luis, Lobo Shayesha; Balaraju, S J.
- Miscellaneous information: 1716094
670 ## - SOURCE DATA FOUND
- Source citation: Work cat.: (OSt): Luis, Lobo Shayesha; Balaraju, S J. 1716094, Study on employee satisfaction towards training program with reference to Abhuydaya Co - Operative Bank Ltd., 2019